How to put the love back into making love / (Запис № 508999)

МАРК-запис
000 -LEADER
fixed length control field 01328pam a2200337 a 4500
001 - CONTROL NUMBER
control field howtoputloveback00ocon
003 - CONTROL NUMBER IDENTIFIER
control field CaSfIA
005 - DATE AND TIME OF LATEST TRANSACTION
control field 20210118101451.0
007 - PHYSICAL DESCRIPTION FIXED FIELD--GENERAL INFORMATION
fixed length control field cr||||
008 - FIXED-LENGTH DATA ELEMENTS--GENERAL INFORMATION
fixed length control field 880513s1989 nyu 00010 eng
010 ## - LIBRARY OF CONGRESS CONTROL NUMBER
LC control number 88018044
020 ## - INTERNATIONAL STANDARD BOOK NUMBER
International Standard Book Number 0385240635 :
Terms of availability $15.95
035 ## - SYSTEM CONTROL NUMBER
System control number (DLC) 88018044
040 ## - CATALOGING SOURCE
Original cataloging agency BIBLIOS
Modifying agency CaSfIA
050 0# - LIBRARY OF CONGRESS CALL NUMBER
Classification number HQ21
Item number .O27 1989
082 0# - DEWEY DECIMAL CLASSIFICATION NUMBER
Classification number 613.9/6
Edition number 19
100 10 - MAIN ENTRY--PERSONAL NAME
Personal name O'Connor, Dagmar.
245 10 - TITLE STATEMENT
Title How to put the love back into making love /
Medium [electronic resource]
Statement of responsibility, etc Dagmar O'Connor.
250 ## - EDITION STATEMENT
Edition statement 1st ed.
260 0# - PUBLICATION, DISTRIBUTION, ETC. (IMPRINT)
Place of publication, distribution, etc New York :
Name of publisher, distributor, etc Doubleday,
Date of publication, distribution, etc 1989.
300 ## - PHYSICAL DESCRIPTION
Extent xv, 222 p. ;
Dimensions 22 cm.
506 ## - RESTRICTIONS ON ACCESS NOTE
Standardized terminology for access restriction Необхідна авторизація на https://archive.org/ (створення облікового запису безкоштовно)
506 ## - RESTRICTIONS ON ACCESS NOTE
Standardized terminology for access restriction Необхідна авторизація на https://openlibrary.org/ (створення облікового запису безкоштовно)
650 #0 - SUBJECT ADDED ENTRY--TOPICAL TERM
Topical term or geographic name as entry element Sex.
650 #0 - SUBJECT ADDED ENTRY--TOPICAL TERM
Topical term or geographic name as entry element Sex in marriage.
650 #0 - SUBJECT ADDED ENTRY--TOPICAL TERM
Topical term or geographic name as entry element Love.
650 #0 - SUBJECT ADDED ENTRY--TOPICAL TERM
Topical term or geographic name as entry element Intimacy (Psychology)
856 41 - ELECTRONIC LOCATION AND ACCESS
Uniform Resource Identifier <a href="http://www.archive.org/details/howtoputloveback00ocon">http://www.archive.org/details/howtoputloveback00ocon</a>
Public note Free eBook from the Internet Archive
856 42 - ELECTRONIC LOCATION AND ACCESS
Uniform Resource Identifier <a href="http://www.openlibrary.org/books/OL2041382M">http://www.openlibrary.org/books/OL2041382M</a>
Public note Additional information and access via Open Library
942 ## - ADDED ENTRY ELEMENTS (KOHA)
Koha item type ЕКнига

Немає доступних примірників.